000 00315nam a22001337a 4500
008 170612b xxu||||| |||| 00| 0 eng d
020 _a9780321084712
041 _aeng
080 _22ND
_a327
100 _a19
101 _aSHP
245 _aCASE HISTORIES IN INTERNATIONAL POLITICS
_cSTILES,K.W
942 _2udc
_cBK
999 _c16834
_d16834